| 000 | 00808nam a22002297a 4500 | ||
|---|---|---|---|
| 003 | OSt | ||
| 005 | 20230224100052.0 | ||
| 008 | 220916b |||||||| |||| 00| 0 eng d | ||
| 040 | _cBiblioteca Lado V | ||
| 082 |
_a741.64 _bP987m |
||
| 100 |
_9750 _aPushkin, Alexander _eautor |
||
| 245 | _aMadonna/ | ||
| 260 |
_aCuba _bEdiciones Vigía _c1999 |
||
| 300 |
_a4p. _c13x19.5cm _bLIBRO INTERVENIDO ARTISTICAMENTE DESDE LA PORTADA |
||
| 650 |
_2Tesauro de Arte & Arquitectura _aLIBRO-ARTE |
||
| 650 |
_2Tesauro de Arte & Arquitectura _aPOESIA |
||
| 650 |
_2Tesauro de Arte & Arquitectura _aLITERATURA |
||
| 651 |
_2Tesauro de Arte & Arquitectura _aCUBA |
||
| 700 |
_aHernandez Millan, Juan Luis _etraductor |
||
| 700 |
_aEstévez, Rolando _etraductor |
||
| 942 |
_2ddc _c1 _h741.64 _iP987m _n0 |
||
| 999 |
_c3065 _d3065 |
||